Online
Catalog

Una solución a las cláusulas de no responsabilidad en los parqueos privados a través de la teoría civilista : (Record no. 15976)

MARC details
000 -CABECERA
campo de control de longitud fija 01497nam a2200289 a 4500
001 - NÚMERO DE CONTROL
campo de control 000016441
005 - FECHA Y HORA DE LA ÚLTIMA TRANSACCIÓN
campo de control 20200929164921.0
008 - DATOS DE LONGITUD FIJA--INFORMACIÓN GENERAL
campo de control de longitud fija 100305s2006 dr 001 0 spa d
040 ## - FUENTE DE LA CATALOGACIÓN
Centro catalogador/agencia de origen DO-SdBNP
Lengua de catalogación spa
Centro/agencia transcriptor BNPHU
082 ## - NÚMERO DE LA CLASIFICACIÓN DECIMAL DEWEY
Número de clasificación 346.024
Número de documento/Ítem M844s
100 1# - ENTRADA PRINCIPAL--NOMBRE DE PERSONA
Nombre de persona Moreta Bello, Rafael Américo
9 (RLIN) 36643
245 14 - MENCIÓN DE TÍTULO
Título Una solución a las cláusulas de no responsabilidad en los parqueos privados a través de la teoría civilista :
Resto del título el caso dominicano /
Mención de responsabilidad, etc. Rafael Américo Moreta Bello ; prólogo Cristian Alberto Martínez.
260 ## - PUBLICACIÓN, DISTRIBUCIÓN, ETC.
Lugar de publicación, distribución, etc. Santo Domingo :
Nombre del editor, distribuidor, etc. Pellerano & Herrera Abogados,
Fecha de publicación, distribución, etc. 2006.
Fabricante Capel Dominicana,
300 ## - DESCRIPCIÓN FÍSICA
Extensión 100, [7] p. ;
Dimensiones 21 cm.
500 ## - NOTA GENERAL
Nota general Incluye bibliografía y notas al pie de páginas
504 ## - NOTA DE BIBLIOGRAFÍA, ETC.
Nota de bibliografía, etc. Bibliografía: p 101-107
505 0# - NOTA DE CONTENIDO CON FORMATO
Información miscelánea Prólogo /
Mención de responsabilidad Cristian Alberto Martínez --
Título Nociones, principios generales y esenciales de las obligaciones voluntarias --
-- Contrato de parqueo --
-- La empresa privada es responsable por el robo del vehículo dejado en el parqueo --
-- Reflexión final.
590 ## - NOTA LOCAL (RLIN)
Nota local Inventariado, 2018/LP
590 ## - NOTA LOCAL (RLIN)
Nota local Inventariado,2018/DG
650 #4 - PUNTO DE ACCESO ADICIONAL DE MATERIA--TÉRMINO DE MATERIA
Término de materia o nombre geográfico como elemento de entrada Servicios de parqueo
Subdivisión general Legislación
9 (RLIN) 36644
650 #4 - PUNTO DE ACCESO ADICIONAL DE MATERIA--TÉRMINO DE MATERIA
Término de materia o nombre geográfico como elemento de entrada Obligaciones (derecho civil)
9 (RLIN) 34850
650 #4 - PUNTO DE ACCESO ADICIONAL DE MATERIA--TÉRMINO DE MATERIA
Término de materia o nombre geográfico como elemento de entrada Cumplimiento de obligaciones
9 (RLIN) 36645
650 #4 - PUNTO DE ACCESO ADICIONAL DE MATERIA--TÉRMINO DE MATERIA
Término de materia o nombre geográfico como elemento de entrada Estacionamiento de automóviles
Subdivisión general Contratos y especificaciones
9 (RLIN) 36646
650 #4 - PUNTO DE ACCESO ADICIONAL DE MATERIA--TÉRMINO DE MATERIA
Término de materia o nombre geográfico como elemento de entrada Parqueaderos
Subdivisión general Contratos y especificaciones
9 (RLIN) 36647
700 1# - PUNTO DE ACCESO ADICIONAL--NOMBRE DE PERSONA
Nombre de persona Martínez, Cristian Alberto,
Numeración pról.
9 (RLIN) 36648
910 ## - DATOS DE OPCIÓN DEL USUARIO (OCLC)
Datos de opción del usuario Validado. Control de calidad EMS
Holdings
Estado de retiro Estado de pérdida Restricciones de uso No para préstamo Código de colección Localización permanente Ubicación/localización actual Ubicación en estantería Fecha de adquisición Número de inventario Total de préstamos Signatura topográfica completa Código de barras Fecha visto por última vez Número de copia Precio válido a partir de Tipo de ítem Koha
        Dominicana de Servicio General General Depósito 02.02.2011 LF1   346.024 M844s 16441-30 25.06.2020 e. 3 25.06.2020 Libro y Folleto Colección Dominicana de Servicio
        Dominicana de Servicio General General Depósito 13.06.2011 LF1   346.024 M844s 16441-40 25.06.2020 e. 4 25.06.2020 Libro y Folleto Colección Dominicana de Servicio
      Excluido de préstamo Patrimonio Dominicano Patrimonio Dominicano Patrimonio Dominicano Depósito 05.03.2010 LF1   346.024 M844s 16441-10 25.06.2020   25.06.2020 Libro y Folleto Colección Patrimonio Dominicano
      Excluido de préstamo Patrimonio Dominicano Patrimonio Dominicano Patrimonio Dominicano Depósito 01.09.2010 LF1   346.024 M844s 16441-20 25.06.2020 e. 2 25.06.2020 Libro y Folleto Colección Patrimonio Dominicano

Powered by Koha